000 00506nam a2200157 i 4500
001 97380
003 ES-MaACL
005 20230906182106.0
007 t|
008 050711s1949 sp ||||1| spa d
100 1 _aMerenciano, Marco.
_980484
245 1 0 _aTres ensayos psicológicos
_b: Unidad de la especie humana. Juventud y destino. Los milagros de Raquel /
_cFrancisco Marco Merenciano.
260 _aValencia :
_bMetis,
_c1949.
300 _a177 p. ;
_c21 cm.
852 _aES-MaACL
_jB-12784
_bR.29068
999 _c97380
_d97380